| 000 | 01810nam0a22003611 4500 | ||
|---|---|---|---|
| 001 | rc\196555 | ||
| 005 | 20260406055843.0 | ||
| 010 |
_a5-8392-0015-8 _9100000 |
||
| 035 | _a(NLR Aleph) 005451095 | ||
| 090 |
_a4858207 _c4858207 |
||
| 100 | _a20030307d1991 |||y0rusy50 ca | ||
| 101 | 0 | _arus | |
| 102 | _aRU | ||
| 105 | _aa ||||||||| | ||
| 200 | 1 |
_aТемное дело _e[Рассказы] _fСаки (Гектор Хью Манро) _g[Пер. И.А. Богданов _gХудож. Б.Н. Осенчаков] |
|
| 210 |
_aЛ. _cРед.-изд. центр "Культ-информ-пресс" _cСоциал.-коммерч. фирма "Человек" _d1991 |
||
| 215 |
_a239, [1] с. _cил. _d16 |
||
| 327 | 0 | _aСодерж.: Тобермори; Тигр миссис Пэклтайд; Картина; Козел в огороде; Отставка Таррингтона; Лаура; Боров; Башмак; Открытая дверь; Паутина, и др. рассказы | |
| 464 | 0 |
_12001#$aТигр миссис Пэклтайд _tТигр миссис Пэклтайд |
|
| 464 | 0 |
_12001#$aКартина _tКартина |
|
| 464 | 0 |
_12001#$aКозел в огороде _tКозел в огороде |
|
| 464 | 0 |
_12001#$aОтставка Таррингтона _tОтставка Таррингтона |
|
| 464 | 0 |
_12001#$aЛаура _tЛаура |
|
| 464 | 0 |
_12001#$aБоров _tБоров |
|
| 464 | 0 |
_12001#$aБашмак _tБашмак |
|
| 464 | 0 |
_12001#$aОткрытая дверь _tОткрытая дверь |
|
| 464 | 0 |
_12001#$aПаутина _tПаутина |
|
| 700 | 0 |
_8rus _7ca _aСаки _cпсевдоним _f1870-1916 _3RU\NLR\AUTH\7710165 _9119948 |
|
| 801 | 0 |
_aRU _bNLR _gpsbo |
|
| 801 | 1 |
_aRU _bELAR _2rusmarc |
|
| 852 |
_aNLR _j91-2/2451 |
||
| 942 | _cBOOK | ||
| 980 | _aNB | ||